| 000 | 00456nam a2200181Ia 4500 | ||
|---|---|---|---|
| 001 | 12895 | ||
| 005 | 20260306163014.0 | ||
| 008 | 260306t1998||||xx |||||||||||||| ||spa|| | ||
| 041 | _aESP | ||
| 082 |
_aRD 462.03 _bG62 |
||
| 100 |
_aGomez de Silva, Guido _eAUT |
||
| 245 | 0 | _aBreve diccionario etimológico de la lengua española | |
| 260 | _c1998 | ||
| 300 |
_a737 páginas : _c24 cm. |
||
| 650 | _aGEN | ||
| 654 | _aCHU | ||
| 942 |
_cDIC _dJUS _fJUS _2ddc _n |
||
| 999 |
_c12895 _d12895 |
||